00278nam a22001457a 450000500170000002000180001704100120003508200160004710000110006324500110007425000070008526000210009230000080011336500110012120260619084048.0 a9788199303270 aEnglish aT13 R25 PAT aPatchi aThavam a01 a2025bNCBHc2025 a136 b130.00